[Event "Subotica-ch"]
[Site "Subotica"]
[Date "2013.05.24"]
[Round "6"]
[White "Fatyol, Istvan"]
[Black "Engi, Zlatko"]
[Result "1/2-1/2"]
[WhiteElo "1926"]
[BlackElo "1995"]
[PlyCount "84"]
[EventDate "2013.05.13"]
[EventType "swiss"]
[EventRounds "9"]
[EventCountry "SRB"]
[SourceTitle "CBM 154 Extra"]
[Source "ChessBase"]
[SourceDate "2013.06.25"]
[SourceVersion "2"]
[SourceVersionDate "2013.06.25"]
[SourceQuality "1"]

1. d4 d5 2. c4 c6 3. Nc3 Nf6 4. Nf3 Bf5 5. e3 Bg4 6. Be2 Bxf3 7. Bxf3 e6 8. c5 Nbd7 9. e4 dxe4 10. Nxe4 Nxe4 11. Bxe4 Nf6 12. Bf3 Be7 13. 0-0 0-0 14. Be3 Qc7 15. Qe2 Rfd8 16. Rfd1 Nd5 17. g3 b6 18. Bxd5 Rxd5 19. Rac1 b5 20. b4 a5 21. a3 axb4 22. axb4 Ra4 23. Qb2 Rd8 24. Ra1 Rda8 25. Rxa4 Rxa4 26. Ra1 Qa7 27. Rxa4 Qxa4 28. Bd2 Bf6 29. Bc3 h6 30. Kg2 Kh8 31. h3 Qd1 32. Qa1 Qd3 33. Qb2 Kh7 34. Qa1 h5 35. h4 Kg6 36. Qb2 Kf5 37. f3 Kg6 38. Kf2 Kh7 39. Kg2 Qf5 40. Qe2 Kg8 41. Qe4 Qd5 42. Qxd5 exd5 1/2-1/2

[Event "Subotica Autumn op"]
[Site "Subotica"]
[Date "2011.12.17"]
[Round "8"]
[White "Engi, Zlatko"]
[Black "Fatyol, Istvan"]
[Result "1-0"]
[WhiteElo "2020"]
[BlackElo "1917"]
[PlyCount "161"]
[EventDate "2011.12.03"]
[EventType "swiss"]
[EventRounds "9"]
[EventCountry "SRB"]
[SourceTitle "CBM 145 Extra"]
[Source "ChessBase"]
[SourceDate "2012.01.03"]
[SourceVersion "1"]
[SourceVersionDate "2012.01.03"]
[SourceQuality "1"]

1. e4 e5 2. Nf3 Nc6 3. d4 exd4 4. Nxd4 Qh4 5. Nxc6 Qxe4+ 6. Be3 Qxc6 7. a3 Nf6 8. Nc3 a6 9. Qe2 Be7 10. Qc4 Qxc4 11. Bxc4 0-0 12. Bg5 c6 13. 0-0 d5 14. Bd3 Re8 15. Rae1 Bd7 16. Re2 h6 17. Bh4 b5 18. Rfe1 Kf8 19. h3 d4 20. Bxf6 Bxf6 21. Ne4 Be7 22. Ng3 g6 23. Be4 Rab8 24. Rd1 c5 25. b3 Bd6 26. Nf1 Re7 27. Bd3 Rxe2 28. Bxe2 Bf5 29. Bd3 Be6 30. Be4 Be5 31. Nd2 f5 32. Bd3 Kf7 33. Nf3 Bf6 34. Be2 Rd8 35. g3 c4 36. b4 Bc8 37. Ne1 Bb7 38. f3 a5 39. a4 axb4 40. axb5 Bd5 41. Ra1 Re8 42. Ra7+ Re7 43. b6 Be5 44. f4 Bd6 45. Bf3 Ke6 46. Kf2 Bc5 47. Ke2 Kd6+ 48. Rxe7 Bxf3+ 49. Nxf3 Kxe7 50. b7 Ba7 51. Nxd4 Kd7 52. Nf3 Kc7 53. Ne5 Kxb7 54. Nxg6 b3 55. cxb3 cxb3 56. Kd2 Bf2 57. g4 fxg4 58. hxg4 Bd4 59. Ne7 Kc7 60. Nf5 Bc5 61. Kc3 Kd7 62. Kxb3 Ke6 63. Kc4 Ba3 64. Kd4 Bc1 65. Ke4 Kf6 66. Ng3 Kg6 67. Ke5 Kg7 68. Ke6 Bb2 69. Ne4 Kg8 70. f5 Ba3 71. Nf6+ Kg7 72. Nh5+ Kf8 73. f6 Bc1 74. Ng3 Bf4 75. Nf5 Bc1 76. Ne7 Ba3 77. Ng6+ Kg8 78. f7+ Kg7 79. f8Q+ Bxf8 80. Nxf8 Kxf8 81. Kf6 1-0

[Event "Subotica Autumn op"]
[Site "Subotica"]
[Date "2011.12.11"]
[Round "5"]
[White "Guzsvany, Arpad"]
[Black "Engi, Zlatko"]
[Result "1/2-1/2"]
[WhiteElo "2181"]
[BlackElo "2020"]
[PlyCount "130"]
[EventDate "2011.12.03"]
[EventType "swiss"]
[EventRounds "9"]
[EventCountry "SRB"]
[SourceTitle "CBM 145 Extra"]
[Source "ChessBase"]
[SourceDate "2012.01.03"]
[SourceVersion "1"]
[SourceVersionDate "2012.01.03"]
[SourceQuality "1"]

1. d4 d5 2. c4 c6 3. Nf3 e6 4. e3 Nf6 5. Nc3 Bb4 6. Bd2 Bxc3 7. Bxc3 0-0 8. Bd3 Re8 9. Ne5 Nbd7 10. 0-0 Nxe5 11. dxe5 Nd7 12. Qh5 g6 13. Qg4 Nc5 14. Bc2 a5 15. a3 a4 16. cxd5 exd5 17. Qb4 Qe7 18. Bd4 Nd7 19. Bxa4 Nxe5 20. Qxe7 Rxe7 21. Bc2 Bf5 22. Bxf5 gxf5 23. Bxe5 Rxe5 24. Rfd1 Re4 25. g3 Kg7 26. Rd3 Kf6 27. Rb3 b5 28. Rd1 Raa4 29. Kf1 Rec4 30. Ke2 Rc2+ 31. Rd2 Rxd2+ 32. Kxd2 Ke5 33. Rc3 Kd6 34. b4 Ra6 35. Kc2 Ke5 36. f3 Kd6 37. Kb3 Ra8 38. Rd3 Re8 39. Kc3 c5 40. bxc5+ Kxc5 41. Kb3 Re7 42. Rc3+ Kb6 43. Kb4 Ra7 44. Rc8 Ra4+ 45. Kb3 d4 46. Re8 dxe3 47. Rxe3 f4 48. Re7 Rd4 49. Rxf7 Rd3+ 50. Kb4 Rd4+ 51. Kc3 Rc4+ 52. Kb3 fxg3 53. hxg3 h5 54. Rf6+ Ka5 55. f4 Re4 56. Rg6 h4 57. gxh4 Rxf4 58. h5 Rh4 59. h6 Rh3+ 60. Kb2 b4 61. axb4+ Kxb4 62. Kc2 Kc4 63. Kd2 Kd4 64. Ke2 Ke4 65. Kf2 Kf5 1/2-1/2

[Event "Subotica-ch"]
[Site "Subotica"]
[Date "2011.03.07"]
[Round "7"]
[White "Tancik, Kristijan"]
[Black "Engi, Zlatko"]
[Result "1/2-1/2"]
[WhiteElo "2282"]
[BlackElo "2012"]
[PlyCount "121"]
[EventDate "2011.02.21"]
[EventType "swiss"]
[EventRounds "9"]
[EventCountry "SRB"]
[SourceTitle "CBM 141 Extra"]
[Source "ChessBase"]
[SourceDate "2011.05.03"]
[SourceVersion "1"]
[SourceVersionDate "2011.05.03"]
[SourceQuality "1"]

1. d4 d5 2. c4 e6 3. Nf3 Bb4+ 4. Bd2 Bxd2+ 5. Nbxd2 Nf6 6. g3 0-0 7. Bg2 Nbd7 8. 0-0 Re8 9. Rc1 c6 10. Qc2 e5 11. cxd5 Nxd5 12. dxe5 Nxe5 13. Nxe5 Rxe5 14. Nc4 Re8 15. e4 Nb4 16. Qb3 Qe7 17. Qa3 Be6 18. b3 Bxc4 19. Rxc4 a5 20. Rd1 Qe5 21. Rd7 Rad8 22. f4 Qa1+ 23. Rc1 Qxa2 24. Qxa2 Nxa2 25. Rcd1 Rxd7 26. Rxd7 Rb8 27. Bf1 b5 28. Rc7 Nb4 29. Ra7 Kf8 30. Rxa5 Nc2 31. e5 Nd4 32. Ra6 Nxb3 33. Rxc6 Nd4 34. Rd6 Nf5 35. Rd7 Ke8 36. Ra7 Ne3 37. Bd3 b4 38. e6 fxe6 39. Rxg7 Rb6 40. Rxh7 Nd5 41. Ra7 b3 42. Ra1 b2 43. Re1 Kf8 44. f5 Rb3 45. Bb1 Rc3 46. fxe6 Ke7 47. Kf2 Rc1 48. Bf5 Nc3 49. g4 Nd1+ 50. Ke2 Ne3 51. Bb1 Nc2 52. Rd1 Na3 53. Bf5 Rxd1 54. Kxd1 b1Q+ 55. Bxb1 Nxb1 56. Kc2 Na3+ 57. Kb3 Nb5 58. Kc4 Nc7 59. Kd4 Nxe6+ 60. Ke4 Kf6 61. h4 1/2-1/2

[Event "Subotica-ch"]
[Site "Subotica"]
[Date "2010.03.03"]
[Round "7"]
[White "Nagy, Attila"]
[Black "Engi, Zlatko"]
[Result "1-0"]
[WhiteElo "2267"]
[BlackElo "2027"]
[PlyCount "83"]
[EventDate "2010.02.17"]
[EventType "swiss"]
[EventRounds "9"]
[EventCountry "SRB"]
[SourceTitle "EXT 2019"]
[Source "ChessBase"]
[SourceDate "2018.10.10"]
[SourceVersion "1"]
[SourceVersionDate "2018.10.10"]
[SourceQuality "1"]

1. d4 d5 2. c4 e6 3. Nf3 Nf6 4. g3 Bb4+ 5. Bd2 Bxd2+ 6. Qxd2 0-0 7. Bg2 Ne4 8. Qc2 c5 9. dxc5 Qa5+ 10. Nbd2 Qxc5 11. 0-0 Nf6 12. Rac1 Nc6 13. a3 a5 14. Rfd1 a4 15. Qd3 Qb6 16. cxd5 exd5 17. Nf1 Be6 18. Ne3 h6 19. Nd4 Nxd4 20. Qxd4 Qb5 21. Rd2 Rac8 22. Rdc2 Rc6 23. Nd1 Rfc8 24. Nc3 Qa6 25. e3 Rc4 26. Bf1 b5 27. Bxc4 Rxc4 28. Qe5 Qc8 29. Rd1 Bg4 30. Rd4 Bf3 31. Qf4 Rxd4 32. exd4 Be4 33. Rc1 Qh3 34. f3 Bd3 35. Re1 Qd7 36. Qe5 Qb7 37. Qd6 Bc4 38. Qd8+ Kh7 39. Re7 Qc6 40. Rxf7 Nh5 41. Rf8 Nf6 42. Qc8 1-0

[Event "Bajmok op 9th"]
[Site "Bajmok"]
[Date "2006.12.17"]
[Round "5"]
[White "Lanji, Laslo"]
[Black "Engi, Zlatko"]
[Result "1/2-1/2"]
[WhiteElo "1934"]
[BlackElo "2046"]
[PlyCount "40"]
[EventDate "2006.12.09"]
[EventType "swiss"]
[EventRounds "9"]
[EventCountry "SRB"]
[SourceTitle "EXT 2022"]
[Source "ChessBase"]
[SourceDate "2021.10.06"]
[SourceVersion "1"]
[SourceVersionDate "2021.10.06"]
[SourceQuality "1"]

1. e4 e5 2. Nf3 Nc6 3. d4 exd4 4. Nxd4 Nxd4 5. Qxd4 Nf6 6. Bd3 Qe7 7. Nc3 c6 8. 0-0 Qc5 9. Qxc5 Bxc5 10. Bg5 Be7 11. e5 Nd5 12. Nxd5 cxd5 13. Bxe7 Kxe7 14. f4 d6 15. Rae1 Bd7 16. c3 h6 17. Kf2 Rhe8 18. Ke3 dxe5 19. fxe5 Be6 20. Kd4 Rac8 1/2-1/2

[Event "Bajmok op 9th"]
[Site "Bajmok"]
[Date "2006.12.10"]
[Round "2"]
[White "Mester, Robert"]
[Black "Engi, Zlatko"]
[Result "1/2-1/2"]
[WhiteElo "1971"]
[BlackElo "2046"]
[PlyCount "42"]
[EventDate "2006.12.09"]
[EventType "swiss"]
[EventRounds "9"]
[EventCountry "SRB"]
[SourceTitle "EXT 2022"]
[Source "ChessBase"]
[SourceDate "2021.10.06"]
[SourceVersion "1"]
[SourceVersionDate "2021.10.06"]
[SourceQuality "1"]

1. e4 d5 2. exd5 Qxd5 3. Nc3 Qa5 4. Bc4 Nf6 5. d4 c6 6. Bf4 Bg4 7. Nf3 e6 8. 0-0 Bb4 9. h3 Bxf3 10. Qxf3 Bxc3 11. bxc3 0-0 12. Rae1 Nbd7 13. Re2 Nd5 14. Bd2 Rfe8 15. Rfe1 b5 16. Bxd5 cxd5 17. c4 Qxa2 18. cxd5 Rac8 19. c3 Nf8 20. dxe6 Rxe6 21. Be3 Qc4 1/2-1/2